Don't Go to Asia - Flags - Statistics

General Stats
  • This quiz has been taken 70,193 times
    69,364 since last reset
  • The average score is 10 of 20
Answers on the Grid
Answers color-coded by a green-red scale on the quiz's grid according to % correct below.
 
Answer Stats
Answer % Correct
Germany
96%
Denmark
92%
Brazil
89%
Sweden
88%
Mexico
84%
Greece
58%
Barbados
46%
South Africa
45%
Portugal
44%
Estonia
41%
Venezuela
40%
Argentina
40%
San Marino
38%
F. S. of Micronesia
32%
Botswana
32%
Algeria
28%
Serbia
27%
Liechtenstein
27%
Angola
25%
Sierra Leone
25%
No matching quizzes found
Score Distribution
Percent of People with Each Score
Percentile by Number Answered
Your Score History
You have not taken this quiz since the last reset